[Event "Championnat de France - Open D"]
[Site "Aix-les-Bains"]
[Date "2007.08.16"]
[Round "3.4"]
[White "Assouvie, Liliane"]
[Black "Ringot, Maxime"]
[Result "0-1"]
[WhiteElo "1390"]
[BlackElo "1490"]
[PlyCount "142"]
[EventDate "2007.??.??"]

1. e4 c6 2. Nf3 d5 3. exd5 cxd5 4. d4 Bf5 5. Nc3 Nf6 6. Be2 e6 7. Nh4 Be4 8.
Nf3 Bb4 9. O-O O-O 10. Nxe4 Nxe4 11. c3 Ba5 12. Nd2 Nf6 13. Bd3 Qd6 14. Re1 Bc7
15. Nf3 Ng4 16. g3 Nc6 17. Ng5 Nf6 18. Qc2 g6 19. Be2 e5 20. dxe5 Qxe5 21. Bf4
Qe7 22. Bd3 Qd7 23. Bxc7 Qxc7 24. Qd2 Ne5 25. Be2 Qc5 26. Qf4 Qd6 27. Bd1 Rfe8
28. Ba4 Re7 29. Rad1 Nh5 30. Qe3 a6 31. Bb3 Rae8 32. Kf1 Ng4 33. Qd3 Nxh2+ 34.
Kg2 Rxe1 35. Rxe1 Rxe1 36. Bxd5 Qf6 37. Bxf7+ Kg7 38. f4 Qxf4 39. Qd4+ Qxd4 40.
cxd4 Re2+ 41. Kh3 Kf6 42. Bc4 Rd2 43. Ne4+ Kf5 44. Nxd2 Ng4 45. d5 Ne5 46. Bb3
g5 47. Bc2+ Kf6 48. Bxh7 g4+ 49. Kg2 Ke7 50. Bc2 Kd6 51. b3 b6 52. a4 Kxd5 53.
Kf2 a5 54. Nf1 Kd4 55. Ne3 Nd3+ 56. Bxd3 Kxd3 57. Nd5 Kc2 58. Nxb6 Kxb3 59. Kg2
Kb4 60. Kf2 Kb3 61. Kg2 Ng7 62. Kf2 Nf5 63. Kg2 Nd6 64. Kf1 Ne4 65. Kg2 Nc5 66.
Nd5 Kxa4 67. Ne3 Kb3 68. Nxg4 a4 69. Ne3 a3 70. Nf1 a2 71. Nd2+ Kc2 0-1

[Event "Championnat de France - Open D"]
[Site "Aix-les-Bains"]
[Date "2007.08.16"]
[Round "3.5"]
[White "Terol, Patrick"]
[Black "Roux, Jean-Marie"]
[Result "0-1"]
[WhiteElo "1480"]
[BlackElo "1390"]
[PlyCount "88"]
[EventDate "2007.??.??"]

1. d4 d5 2. Nf3 Nf6 3. Bf4 Nc6 4. Nc3 a6 5. h3 Bf5 6. a3 e6 7. e3 Bd6 8. Ne5
Bxe5 9. dxe5 Ne4 10. Nxe4 Bxe4 11. Qd2 Qe7 12. O-O-O O-O 13. f3 Bg6 14. h4 h6
15. h5 Bh7 16. Bd3 Bxd3 17. Qxd3 Na5 18. Bg3 Nc4 19. Be1 Nxe5 20. Qb3 c5 21.
Bc3 Nc4 22. Rde1 b5 23. f4 Rfd8 24. g4 d4 25. exd4 cxd4 26. Bb4 Qf6 27. f5 Qg5+
28. Kb1 a5 29. fxe6 axb4 30. exf7+ Kxf7 31. Qxb4 Rab8 32. b3 Kg8 33. Ka2 Ne3
34. Re2 Qd5 35. Rh3 Rbc8 36. Rhh2 Qe4 37. Kb2 Qe5 38. Ka2 Qf6 39. Rhf2 Qe5 40.
Rf5 Qe4 41. Rff2 Rxc2+ 42. Rxc2 Nxc2 43. Qd2 d3 44. Rf4 Qh1 0-1

[Event "Championnat de France - Open D"]
[Site "Aix-les-Bains"]
[Date "2007.08.16"]
[Round "3.6"]
[White "Lapperriere, Romuald"]
[Black "Ollier, Patrice"]
[Result "1/2-1/2"]
[WhiteElo "1380"]
[BlackElo "1470"]
[PlyCount "43"]
[EventDate "2007.??.??"]

1. d4 e6 2. c4 Nf6 3. Nc3 Bb4 4. Qc2 b6 5. e4 Bxc3+ 6. bxc3 Bb7 7. Bd3 d6 8.
Ne2 Nbd7 9. O-O e5 10. f4 O-O 11. fxe5 dxe5 12. d5 Nc5 13. Ba3 Nfd7 14. Ng3 Re8
15. Be2 Qg5 16. Bc1 Qd8 17. Bh5 Nf6 18. Bg5 Ncd7 19. Rf2 Ba6 20. Be2 h6 21. Be3
Rc8 22. Nh5 1/2-1/2

[Event "Championnat de France - Open D"]
[Site "Aix-les-Bains"]
[Date "2007.08.16"]
[Round "3.7"]
[White "Masson, Guillaume"]
[Black "Bergmann, Delphine"]
[Result "1/2-1/2"]
[WhiteElo "1380"]
[BlackElo "1440"]
[PlyCount "99"]
[EventDate "2007.??.??"]

1. e4 e5 2. Nf3 Nc6 3. Bc4 Bc5 4. c3 Nf6 5. d4 exd4 6. cxd4 Be7 7. Nc3 O-O 8.
O-O d6 9. Qb3 Na5 10. Qb4 Nxc4 11. Qxc4 d5 12. exd5 b6 13. Ne5 Bb7 14. Nc6 Qd7
15. Nxe7+ Qxe7 16. Bf4 Rac8 17. Rfe1 Qd7 18. Qa4 Qxa4 19. Nxa4 Nxd5 20. Bg3 f5
21. Be5 g5 22. Rac1 Rf7 23. Nc3 Nb4 24. Red1 Nc6 25. f4 Nxe5 26. fxe5 a6 27. d5
Rd8 28. d6 cxd6 29. exd6 Rf6 30. Nd5 Bxd5 31. Rxd5 Rdxd6 32. Rcd1 Rxd5 33. Rxd5
h5 34. a4 Kf7 35. Rd7+ Kg6 36. Ra7 b5 37. axb5 axb5 38. Rb7 Rd6 39. Rxb5 g4 40.
Re5 Kf6 41. Re2 f4 42. Kf2 Re6 43. Rxe6+ Kxe6 44. h3 Kd5 45. Ke2 Kc4 46. hxg4
hxg4 47. b4 Kxb4 48. Kd3 f3 49. Ke3 fxg2 50. Kf2 1/2-1/2

[Event "Championnat de France - Open D"]
[Site "Aix-les-Bains"]
[Date "2007.08.16"]
[Round "3.8"]
[White "Mazard, Bruno"]
[Black "Tchordjallian, Alexandre"]
[Result "0-1"]
[WhiteElo "1440"]
[BlackElo "1380"]
[PlyCount "87"]
[EventDate "2007.??.??"]

1. e4 e6 2. d4 d5 3. Nd2 c5 4. Ngf3 cxd4 5. Nxd4 Nc6 6. Bb5 Bd7 7. c3 a6 8.
exd5 axb5 9. dxc6 bxc6 10. N2f3 Nf6 11. Ne5 Ra6 12. Qf3 Qc7 13. Bf4 Bd6 14. Qg3
Nh5 15. Qe3 Nxf4 16. Qxf4 Bxe5 17. Qd2 O-O 18. Nb3 c5 19. Rd1 Bc8 20. O-O Bf6
21. Qe3 Rxa2 22. Nxc5 Be7 23. Nd3 Bd6 24. Kh1 Bb7 25. Qd2 Bxh2 26. f3 Bd6 27.
Nc1 Ra6 28. Qd3 Qe7 29. Kg1 Bc5+ 30. Rf2 Rd6 31. Qe2 Rfd8 32. Rdf1 Qh4 33. Nb3
Bxf2+ 34. Qxf2 Qxf2+ 35. Rxf2 Rd1+ 36. Kh2 h6 37. Nd4 Rd5 38. g4 Ba6 39. Nc6
R5d2 40. Rxd2 Rxd2+ 41. Kg3 Rxb2 42. Nb4 Bb7 43. Nd3 Rc2 44. Nc5 0-1

[Event "Championnat de France - Open D"]
[Site "Aix-les-Bains"]
[Date "2007.08.16"]
[Round "3.9"]
[White "Subits, Nicolas"]
[Black "Renet, Jules"]
[Result "1-0"]
[WhiteElo "1330"]
[BlackElo "1430"]
[PlyCount "57"]
[EventDate "2007.??.??"]

1. e4 e5 2. Nf3 Nc6 3. Bb5 f5 4. Bxc6 bxc6 5. Nxe5 Qe7 6. d4 Ba6 7. Nc3 fxe4 8.
Qh5+ Kd8 9. Nf7+ Kc8 10. Nxh8 Nf6 11. Qe5 Qxe5 12. dxe5 Nd5 13. Nxd5 cxd5 14.
Be3 Bb4+ 15. c3 Ba5 16. O-O-O Bb7 17. Rd4 Bb6 18. Ra4 Bc6 19. Ra6 Bb7 20. Ra3
Bc6 21. Bxb6 axb6 22. Rxa8+ Bxa8 23. g4 c5 24. Rf1 d4 25. f4 exf3 26. cxd4 cxd4
27. Kd2 Be4 28. Nf7 h6 29. Nd6+ 1-0

[Event "Championnat de France - Open D"]
[Site "Aix-les-Bains"]
[Date "2007.08.16"]
[Round "3.10"]
[White "Cornaton, Julien"]
[Black "Saucey, Milena"]
[Result "1-0"]
[WhiteElo "1500"]
[BlackElo "1380"]
[PlyCount "73"]
[EventDate "2007.??.??"]

1. e4 e5 2. Nf3 Nc6 3. Bc4 Nf6 4. d3 d5 5. exd5 Nxd5 6. Bd2 Bg4 7. c3 h6 8. h3
Bh5 9. O-O f5 10. Re1 Nf6 11. Nxe5 Nxe5 12. Rxe5+ Be7 13. Qb3 Bg6 14. Na3 b6
15. Rae1 Ne4 16. Bf4 Kf8 17. dxe4 Bd6 18. Rd5 Qe7 19. Bxd6 cxd6 20. Qb4 Rd8 21.
Rdd1 fxe4 22. Nb5 a5 23. Qa3 Rc8 24. Nxd6 Bh5 25. Nxc8 Qxa3 26. bxa3 Bxd1 27.
Rxd1 Ke8 28. Nd6+ Ke7 29. Nf5+ Kf6 30. g4 Rc8 31. Rd4 Ke5 32. Kf1 b5 33. Bxb5
Rxc3 34. Ng3 Rxa3 35. Rxe4+ Kd5 36. Kg2 Rxa2 37. Bc4+ 1-0

[Event "Championnat de France - Open D"]
[Site "Aix-les-Bains"]
[Date "2007.08.17"]
[Round "4.1"]
[White "Marceau, Amaury"]
[Black "Ringot, Maxime"]
[Result "1-0"]
[WhiteElo "1499"]
[BlackElo "1490"]
[PlyCount "87"]
[EventDate "2007.??.??"]

1. Nf3 Nc6 2. g3 e5 3. d3 d5 4. Nbd2 Nf6 5. e4 d4 6. Nc4 Bd6 7. Bg2 O-O 8. O-O
Bg4 9. h3 Bh5 10. g4 Bg6 11. Nh4 Qe7 12. Nxg6 fxg6 13. Nxd6 Qxd6 14. f4 Nd7 15.
fxe5 Rxf1+ 16. Qxf1 Ndxe5 17. Qe2 Rf8 18. Bd2 Nb4 19. Qd1 Qc5 20. a3 Nbc6 21.
b4 Qe7 22. b5 Nd8 23. Bb4 c5 24. bxc6 Qf7 25. Bxf8 Qxf8 26. cxb7 Nxb7 27. Qf1
Qe7 28. Qe1 Nd6 29. Rb1 Ndf7 30. Qb4 Qf6 31. Qb8+ Nd8 32. Qxa7 Nf3+ 33. Bxf3
Qxf3 34. Qxd4 Qg3+ 35. Kf1 Qxh3+ 36. Ke2 Qxg4+ 37. Kd2 Qf4+ 38. Kc3 Qc7+ 39.
Qc4+ Qxc4+ 40. Kxc4 h5 41. Rb8 h4 42. Rxd8+ Kh7 43. Rf8 h3 44. Rf3 1-0

[Event "Championnat de France - Open D"]
[Site "Aix-les-Bains"]
[Date "2007.08.17"]
[Round "4.2"]
[White "Roux, Jean-Marie"]
[Black "Thomas, Vincent"]
[Result "0-1"]
[WhiteElo "1390"]
[BlackElo "1499"]
[PlyCount "74"]
[EventDate "2007.??.??"]

1. e4 e6 2. d4 d5 3. exd5 exd5 4. Nf3 Bg4 5. Nc3 Bb4 6. Bd2 Nc6 7. Be3 Nf6 8.
Be2 Ne4 9. Qd3 Qd6 10. O-O Bf5 11. Nb5 Qd7 12. Qd1 a6 13. Na3 Bxa3 14. bxa3 Nc3
15. Qe1 Nxe2+ 16. Qxe2 O-O 17. c3 Bg4 18. Kh1 Qf5 19. Rg1 Rfe8 20. Rae1 Bxf3
21. gxf3 Re6 22. Rg5 Qf6 23. Reg1 g6 24. R1g3 Ne7 25. R5g4 h5 26. Rf4 Qxf4 27.
Qd3 Qf5 28. Qd2 Rb6 29. Bh6 Rb1+ 30. Kg2 Kh7 31. Bf4 Qe6 32. Be3 Nf5 33. Rh3
Re8 34. Qc2 Re1 35. Qd2 Rxe3 36. fxe3 Nxe3+ 37. Kf2 Qxh3 0-1

[Event "Championnat de France - Open D"]
[Site "Aix-les-Bains"]
[Date "2007.08.17"]
[Round "4.3"]
[White "Klein, Rene"]
[Black "Subits, Nicolas"]
[Result "0-1"]
[WhiteElo "1490"]
[BlackElo "1330"]
[PlyCount "48"]
[EventDate "2007.??.??"]

1. e4 e5 2. Nc3 Bb4 3. Nce2 Nf6 4. Ng3 O-O 5. c3 Bc5 6. h3 d5 7. exd5 Nxd5 8.
d3 Bb6 9. Bd2 Re8 10. Qc2 Nf4 11. Be3 Nd7 12. O-O-O Bxe3+ 13. fxe3 Nd5 14. Qd2
Qg5 15. Ne4 Qxe3 16. Nf3 Qxd2+ 17. Rxd2 N7b6 18. b3 f5 19. Nf2 e4 20. dxe4 fxe4
21. Re2 Bf5 22. Nd4 e3 23. Rxe3 Nxe3 24. g4 Nxf1 0-1

[Event "Championnat de France - Open D"]
[Site "Aix-les-Bains"]
[Date "2007.08.17"]
[Round "4.4"]
[White "Tchordjallian, Alexandre"]
[Black "Cornaton, Julien"]
[Result "0-1"]
[WhiteElo "1380"]
[BlackElo "1500"]
[PlyCount "92"]
[EventDate "2007.??.??"]

1. e4 e5 2. Nf3 Nc6 3. Bb5 a6 4. Ba4 b5 5. Bb3 Bc5 6. Nxe5 Bxf2+ 7. Kxf2 Nxe5
8. Qh5 Qf6+ 9. Ke2 d6 10. Bxf7+ Kf8 11. h3 Nxf7 12. Qd5 Qd8 13. d3 Nf6 14. Qb3
Qe8 15. Rf1 Be6 16. Qc3 d5 17. Nd2 dxe4 18. Nxe4 Nxe4 19. Qb4+ Ned6 20. Be3 Qc6
21. Bc5 a5 22. Qe4 Qxe4+ 23. dxe4 Ke8 24. Rf4 g5 25. Rf6 Bc4+ 26. Ke3 Kd7 27.
b3 Be6 28. Rd1 Rhe8 29. Bd4 Bd5 30. e5 Nxe5 31. Bxe5 Rxe5+ 32. Kd4 Rf5 33. Rf1
Rxf1 34. Rxf1 Bxg2 35. Rg1 Bxh3 36. Rxg5 Bf5 37. c3 c5+ 38. Ke3 a4 39. b4 cxb4
40. cxb4 Re8+ 41. Kd4 Re4+ 42. Kc5 Rc4+ 43. Kb6 Rxb4 44. Rg7+ Ke6 45. Rg8 Rb2
46. Kc5 Rxa2 0-1

[Event "Championnat de France - Open D"]
[Site "Aix-les-Bains"]
[Date "2007.08.17"]
[Round "4.5"]
[White "Fauchart, Francois"]
[Black "Viart, Bettina"]
[Result "0-1"]
[WhiteElo "1470"]
[BlackElo "1410"]
[PlyCount "164"]
[EventDate "2007.??.??"]

1. e4 c5 2. Bc4 e6 3. Nc3 b6 4. Nge2 Bb7 5. O-O d6 6. a3 g6 7. b3 Bg7 8. Bb2
Nc6 9. Rb1 Nge7 10. Nb5 e5 11. f4 O-O 12. f5 Nc8 13. Ng3 a6 14. Nc3 b5 15. Bd5
Nb6 16. d3 Nxd5 17. Nxd5 Ne7 18. Ne3 f6 19. h4 d5 20. Qe2 d4 21. Ng4 Bc8 22.
Rf2 Kf7 23. Rbf1 gxf5 24. exf5 Nd5 25. Nh5 Rg8 26. Nxg7 Rxg7 27. Bc1 h5 28.
Nh6+ Ke7 29. Qxh5 Bb7 30. g4 Nc3 31. g5 Qd5 32. Kh2 Kd6 33. g6 Ke7 34. Bg5 Rf8
35. Nf7 Rgxf7 36. gxf7 Qxf7 37. Qxf7+ Rxf7 38. Bc1 a5 39. Rg1 Rh7 40. Kh3 e4
41. dxe4 Bxe4 42. Bd2 Nd5 43. Bxa5 Ne3 44. Bb6 Bxf5+ 45. Rxf5 Nxf5 46. h5 Rxh5+
47. Kg4 Rg5+ 48. Kf4 Rxg1 49. Kxf5 Rf1+ 50. Kg4 Rg1+ 51. Kf3 Rg5 52. Kf4 Ke6
53. b4 cxb4 54. axb4 Rd5 55. Bc5 d3 56. cxd3 Rxd3 57. Ke4 Rb3 58. Kf4 Rc3 59.
Ke4 Rc4+ 60. Kd3 Kd5 61. Be7 f5 62. Ke3 f4+ 63. Kf3 Ke5 64. Bf8 Kf5 65. Bd6
Rc3+ 66. Kf2 Ke4 67. Bc5 Rc2+ 68. Ke1 Kf3 69. Kd1 Ra2 70. Bd4 Ke4 71. Bc5 Kd3
72. Ke1 f3 73. Kf1 Re2 74. Bf2 Kc4 75. Bc5 Re5 76. Kf2 Rxc5 77. bxc5 Kxc5 78.
Kxf3 Kc4 79. Ke2 Kc3 80. Kd1 Kb2 81. Kd2 b4 82. Ke2 b3 0-1

[Event "Championnat de France - Open D"]
[Site "Aix-les-Bains"]
[Date "2007.08.17"]
[Round "4.6"]
[White "Ollier, Patrice"]
[Black "Masson, Guillaume"]
[Result "1/2-1/2"]
[WhiteElo "1470"]
[BlackElo "1380"]
[PlyCount "51"]
[EventDate "2007.??.??"]

1. c4 e5 2. Nc3 Nf6 3. d3 Nc6 4. g3 Bc5 5. e3 d6 6. Bg2 Be6 7. Nge2 d5 8. cxd5
Nxd5 9. O-O Qd7 10. Re1 O-O-O 11. a3 Nxc3 12. Nxc3 Qxd3 13. Qxd3 Rxd3 14. Bxc6
bxc6 15. Na4 Bb6 16. Kg2 Rhd8 17. b4 e4 18. Bb2 g6 19. Rec1 Kb7 20. Nc5+ Bxc5
21. Rxc5 Rd1 22. Rxd1 Rxd1 23. Rc1 Rxc1 24. Bxc1 Bg4 25. Kf1 Kb6 26. Ke1
1/2-1/2

[Event "Championnat de France - Open D"]
[Site "Aix-les-Bains"]
[Date "2007.08.17"]
[Round "4.7"]
[White "Bergmann, Delphine"]
[Black "Lapperriere, Romuald"]
[Result "1-0"]
[WhiteElo "1440"]
[BlackElo "1380"]
[PlyCount "98"]
[EventDate "2007.??.??"]

1. e4 c5 2. d4 cxd4 3. c3 dxc3 4. Nxc3 e6 5. Bc4 Nc6 6. Nf3 Nf6 7. O-O Be7 8.
Re1 Na5 9. Bd3 d5 10. exd5 Nxd5 11. Nxd5 Qxd5 12. Bf4 Nc6 13. Qe2 O-O 14. Bc4
Qh5 15. Rad1 b5 16. Bxb5 e5 17. Bxc6 Rb8 18. Qxe5 Qxe5 19. Nxe5 Rxb2 20. Nd7
Bxd7 21. Rxd7 Bc5 22. Rd2 Rb6 23. Ba4 Bb4 24. Bb3 Bxd2 25. Bxd2 Rfb8 26. Re7
R6b7 27. Bxf7+ Kf8 28. Rxb7 Rxb7 29. Bb3 Rd7 30. Be3 a5 31. h4 g6 32. f4 Ke7
33. Kf2 Kf6 34. g4 Ke7 35. Bc2 Rb7 36. Kf3 Rb2 37. Bb3 a4 38. Bxa4 Rxa2 39. Bc6
Kd6 40. Be4 Rh2 41. Kg3 Re2 42. Kf3 Rh2 43. Bf2 Rh3+ 44. Bg3 Rh1 45. f5+ Ke7
46. fxg6 hxg6 47. Bxg6 Kf6 48. Be4 Rf1+ 49. Bf2 Ra1 1-0

[Event "Championnat de France - Open D"]
[Site "Aix-les-Bains"]
[Date "2007.08.17"]
[Round "4.8"]
[White "Assouvie, Liliane"]
[Black "Nal, Patrick"]
[Result "0-1"]
[WhiteElo "1390"]
[BlackElo "1499"]
[PlyCount "124"]
[EventDate "2007.??.??"]

1. e4 c6 2. Nf3 d5 3. Nc3 dxe4 4. Nxe4 Nf6 5. Nc3 Bg4 6. d4 e6 7. Be2 Qc7 8.
Ne5 Bxe2 9. Qxe2 Bd6 10. O-O h6 11. Bd2 Nbd7 12. f4 O-O 13. Ng4 Nxg4 14. Qxg4
Nf6 15. Qh3 Rae8 16. Rae1 c5 17. Nb5 Qb6 18. Nxd6 Qxd6 19. Bc3 Nd5 20. Qf3 Nxc3
21. bxc3 b6 22. Kh1 Rd8 23. Rd1 c4 24. f5 exf5 25. Qxf5 Rd7 26. Rb1 Re8 27. Qb5
Qd5 28. a4 Re2 29. Qxd5 Rxd5 30. Rb4 Rxc2 31. Rxc4 Rd7 32. Rd1 Kf8 33. d5 Re2
34. d6 Re8 35. Rcd4 f6 36. h3 a6 37. c4 Re5 38. Rb1 Ra5 39. Rb4 Kf7 40. Kh2 Ke6
41. Kg3 Rxd6 42. Rxd6+ Kxd6 43. Kf4 Kc5 44. Rb1 Rxa4 45. Ke3 Rxc4 46. Kd3 a5
47. Ra1 a4 48. Rb1 b5 49. Rf1 Rd4+ 50. Kc3 b4+ 51. Kb2 Rd2+ 52. Kb1 Kc4 53.
Rf4+ Kc3 54. Rf3+ Rd3 55. Rf1 b3 56. Ka1 Kc2 57. Rg1 Rd1+ 58. Rxd1 Kxd1 59. Kb2
Kd2 60. Ka3 Kc2 61. Kxa4 b2 62. Ka3 b1=Q 0-1

[Event "Championnat de France - Open D"]
[Site "Aix-les-Bains"]
[Date "2007.08.17"]
[Round "4.9"]
[White "Pignatelli, Daniel"]
[Black "Cherrier, Pierre"]
[Result "1-0"]
[WhiteElo "1499"]
[BlackElo "1390"]
[PlyCount "39"]
[EventDate "2007.??.??"]

1. d4 d5 2. Nc3 c6 3. e4 dxe4 4. f3 exf3 5. Nxf3 Bg4 6. Bc4 Nf6 7. Ne5 Qc8 8.
Bxf7+ Kd8 9. Qd3 Bf5 10. Qd1 Bg4 11. Ne2 Qf5 12. Bc4 Bxe2 13. Qxe2 Kc7 14. Rf1
Qe4 15. Qxe4 Nxe4 16. Bf4 Kb6 17. Nf7 Rg8 18. Nd8 Nd7 19. Ne6 g6 20. Bc7# 1-0

[Event "Championnat de France - Open D"]
[Site "Aix-les-Bains"]
[Date "2007.08.17"]
[Round "4.10"]
[White "Bouteiller, Eleonore"]
[Black "Duffaud, Celia"]
[Result "1-0"]
[WhiteElo "1480"]
[BlackElo "1390"]
[PlyCount "109"]
[EventDate "2007.??.??"]

1. d4 d5 2. c4 e6 3. Nf3 Nf6 4. Nc3 Bd7 5. cxd5 exd5 6. Bg5 Nc6 7. Bxf6 gxf6 8.
Nxd5 Be6 9. Nc3 Bd5 10. e4 Bxe4 11. Nxe4 Bb4+ 12. Nc3 Qe7+ 13. Qe2 O-O-O 14.
Qxe7 Nxe7 15. a3 Ba5 16. b4 Bb6 17. Rd1 Nf5 18. d5 Rd6 19. Bc4 Re8+ 20. Ne2 c6
21. dxc6 Rxc6 22. Bxf7 Re7 23. Bd5 Rc2 24. Rd2 Rc1+ 25. Rd1 Rxd1+ 26. Kxd1 Bxf2
27. Kd2 Rd7 28. Nc3 Bd4 29. Be6 Bxc3+ 30. Kxc3 Ne3 31. Bxd7+ Kxd7 32. g3 Nd5+
33. Kd4 Kd6 34. Nd2 b6 35. Ne4+ Ke6 36. Re1 Nc7 37. Ng5+ Kf5 38. Nxh7 a5 39.
Kc4 b5+ 40. Kc5 axb4 41. axb4 Kg6 42. Re7 Na6+ 43. Kxb5 Nb8 44. Rb7 f5 45. Rxb8
Kh5 46. Rg8 Kh6 47. Nf8 Kh5 48. Kc5 Kh6 49. b5 Kh5 50. b6 Kh6 51. b7 Kh5 52.
b8=Q Kh6 53. Ne6 Kh5 54. Rg7 Kh6 55. Qh8# 1-0

[Event "Championnat de France - Open D"]
[Site "Aix-les-Bains"]
[Date "2007.08.18"]
[Round "5.1"]
[White "Thomas, Vincent"]
[Black "Marceau, Amaury"]
[Result "0-1"]
[WhiteElo "1499"]
[BlackElo "1499"]
[PlyCount "72"]
[EventDate "2007.??.??"]

1. c4 Nf6 2. g3 g6 3. Bg2 Bg7 4. Nc3 d6 5. d3 Nbd7 6. e4 O-O 7. Nge2 e5 8. O-O
c6 9. Rb1 a5 10. h3 Re8 11. Kh2 Nf8 12. f4 h5 13. f5 N6h7 14. fxg6 fxg6 15. Be3
Bf6 16. Qd2 Bg5 17. Rf2 Bxe3 18. Qxe3 Ne6 19. Qh6 Qg5 20. Qxg5 Nhxg5 21. h4 Nh7
22. Bh3 Nc5 23. Nc1 Bxh3 24. Kxh3 Rf8 25. Rd2 Rf1 26. Rd1 Raf8 27. Rxf1 Rxf1
28. Kg2 Rf8 29. b4 axb4 30. Rxb4 Nf6 31. Nb3 Nxd3 32. Rxb7 Ng4 33. Nd1 Ndf2 34.
Nc3 Ne3+ 35. Kg1 Nfg4 36. Nd2 Rf2 0-1

[Event "Championnat de France - Open D"]
[Site "Aix-les-Bains"]
[Date "2007.08.18"]
[Round "5.2"]
[White "Viart, Bettina"]
[Black "Subits, Nicolas"]
[Result "0-1"]
[WhiteElo "1410"]
[BlackElo "1330"]
[PlyCount "130"]
[EventDate "2007.??.??"]

1. e4 e5 2. Bc4 Nf6 3. d3 Be7 4. Nf3 d6 5. c3 Bg4 6. h3 Bxf3 7. Qxf3 O-O 8. Be3
c6 9. Nd2 d5 10. exd5 cxd5 11. Bb3 d4 12. cxd4 Nc6 13. O-O exd4 14. Bf4 Bd6 15.
Bg5 Be7 16. Bxf6 Bxf6 17. Rfe1 Ne5 18. Qe2 Re8 19. Ne4 Nd7 20. Bxf7+ Kxf7 21.
Nd6+ Kf8 22. Nxe8 Qxe8 23. Qxe8+ Rxe8 24. Red1 Re2 25. b3 Be7 26. Kf1 Rc2 27.
a3 Rc3 28. b4 b6 29. Ke2 a5 30. bxa5 bxa5 31. a4 Nc5 32. g3 Nb3 33. Rab1 Rc2+
34. Kf3 Nd2+ 35. Rxd2 Rxd2 36. Rb5 Rxd3+ 37. Ke4 Ra3 38. Rxa5 d3 39. Rd5 Rxa4+
40. Kxd3 Ra2 41. Ke3 Rc2 42. Rf5+ Bf6 43. Kf3 Ke7 44. Kg2 Ke6 45. Rf3 Rc3 46.
Rxc3 Bxc3 47. f4 Kf5 48. Kf3 h5 49. g4+ Kg6 50. f5+ Kg5 51. Kg3 Be1+ 52. Kf3
Kh4 53. gxh5 Kxh5 54. Kf4 Bd2+ 55. Kg3 Kg5 56. Kf3 Kxf5 57. Kg3 Kg5 58. Kf3 Kh4
59. Kg2 g5 60. Kh2 Bf4+ 61. Kg2 Bg3 62. Kh1 Kxh3 63. Kg1 Be5 64. Kh1 g4 65. Kg1
g3 0-1

[Event "Championnat de France - Open D"]
[Site "Aix-les-Bains"]
[Date "2007.08.18"]
[Round "5.3"]
[White "Cornaton, Julien"]
[Black "Bergmann, Delphine"]
[Result "1-0"]
[WhiteElo "1500"]
[BlackElo "1440"]
[PlyCount "79"]
[EventDate "2007.??.??"]

1. e4 e5 2. Nf3 Nc6 3. Bc4 Bc5 4. Nc3 Nf6 5. d3 O-O 6. Bg5 Bb4 7. Bb5 Nd4 8.
Bc4 Re8 9. a3 Nxf3+ 10. Qxf3 Be7 11. O-O-O a6 12. Rdg1 b5 13. Ba2 Bb7 14. h4 b4
15. axb4 Bxb4 16. Nd5 Be7 17. Nxf6+ Bxf6 18. Bxf6 Qxf6 19. Qxf6 gxf6 20. Rh3
Red8 21. Rf3 Kg7 22. Re1 d5 23. exd5 Bxd5 24. Bxd5 Rxd5 25. Re4 Rad8 26. Rg4+
Kf8 27. Rxf6 a5 28. g3 c5 29. Rh6 f5 30. Rf6+ Ke7 31. Rxf5 Ke6 32. Rh5 Rf8 33.
Rh6+ Rf6 34. Rxf6+ Kxf6 35. Kd2 Kf5 36. Ra4 h5 37. Rxa5 e4 38. b4 exd3 39. Rxc5
dxc2+ 40. Rxd5+ 1-0

[Event "Championnat de France - Open D"]
[Site "Aix-les-Bains"]
[Date "2007.08.18"]
[Round "5.4"]
[White "Nal, Patrick"]
[Black "Ollier, Patrice"]
[Result "1-0"]
[WhiteElo "1499"]
[BlackElo "1470"]
[PlyCount "67"]
[EventDate "2007.??.??"]

1. d4 e6 2. Nf3 d5 3. g3 c5 4. Bg2 Nc6 5. O-O Qb6 6. e3 Nh6 7. b3 Bd6 8. Ba3
Nf5 9. dxc5 Bxc5 10. Bxc5 Qxc5 11. Qd2 O-O 12. Qc3 Qd6 13. Re1 d4 14. exd4
Nfxd4 15. Nxd4 Qxd4 16. Qxd4 Nxd4 17. Na3 Rb8 18. Rad1 Nf5 19. Rd2 b6 20. Red1
Ba6 21. Rd7 Be2 22. R1d2 Bh5 23. Rxa7 b5 24. c4 bxc4 25. Nxc4 h6 26. h3 Nxg3
27. fxg3 Rbc8 28. a4 f6 29. a5 e5 30. a6 Bf7 31. Rdd7 Rb8 32. Rab7 Rxb7 33.
Rxb7 Rd8 34. a7 1-0

[Event "Championnat de France - Open D"]
[Site "Aix-les-Bains"]
[Date "2007.08.18"]
[Round "5.5"]
[White "Renet, Jules"]
[Black "Pignatelli, Daniel"]
[Result "0-1"]
[WhiteElo "1430"]
[BlackElo "1499"]
[PlyCount "56"]
[EventDate "2007.??.??"]

1. e4 d5 2. exd5 Qxd5 3. Nc3 Qd8 4. d4 e6 5. Nf3 Nf6 6. Be3 Be7 7. Bc4 c6 8.
O-O Nbd7 9. Re1 Nb6 10. Bb3 Nbd5 11. Nxd5 exd5 12. Qd3 O-O 13. Ne5 Ne4 14. f3
Nd6 15. Rad1 Nf5 16. f4 Nxe3 17. Qxe3 Bd6 18. Qg3 Bf5 19. c4 Be4 20. cxd5 cxd5
21. Nd3 Be7 22. Qe3 f5 23. Nc5 Bxc5 24. dxc5 Kh8 25. Qd4 Qh4 26. Bxd5 Rad8 27.
Qc4 Bxd5 28. g3 Qh3 0-1

[Event "Championnat de France - Open D"]
[Site "Aix-les-Bains"]
[Date "2007.08.18"]
[Round "5.6"]
[White "Bonnet De Jacquemet, Romain"]
[Black "Klein, Rene"]
[Result "0-1"]
[WhiteElo "1390"]
[BlackElo "1490"]
[PlyCount "96"]
[EventDate "2007.??.??"]

1. d4 Nf6 2. c4 e6 3. Bg5 Be7 4. Bxf6 Bxf6 5. e4 e5 6. d5 d6 7. Nc3 a6 8. b4
Nd7 9. a4 b6 10. Bd3 O-O 11. Nge2 Bb7 12. O-O Rb8 13. Qd2 g6 14. f4 exf4 15.
Qxf4 Be5 16. Qf3 Nf6 17. Qh3 Kg7 18. Rf3 Bc8 19. Qh4 h6 20. Raf1 g5 21. Qe1 Ng4
22. Ng3 Bxg3 23. Qxg3 Ne5 24. R3f2 Bg4 25. h3 Bh5 26. Rf5 Bg6 27. R5f2 f6 28.
Qe3 Rf7 29. Qd4 Qe7 30. Ne2 c5 31. bxc5 bxc5 32. Qe3 Rb3 33. Rd1 a5 34. Ng3
Nxc4 35. Qf3 Ne5 36. Qe2 c4 37. Nf5+ Bxf5 38. Rxf5 Nxd3 39. Qg4 Ne5 40. Qh5 Ng6
41. Qg4 Rb4 42. g3 c3 43. Re1 Qa7+ 44. Rf2 Ne5 45. Qd1 Rb2 46. Ree2 Rfb7 47.
Qf1 Rb1 48. Re1 Nf3+ 0-1

[Event "Championnat de France - Open D"]
[Site "Aix-les-Bains"]
[Date "2007.08.19"]
[Round "5.7"]
[White "Ringot, Maxime"]
[Black "Clement, Alexandre"]
[Result "0-1"]
[WhiteElo "1490"]
[BlackElo "1390"]
[PlyCount "146"]
[EventDate "2007.??.??"]

1. f4 d5 2. Nf3 Nc6 3. e3 Bf5 4. Bb5 Qd6 5. b3 a6 6. Bxc6+ Qxc6 7. Ne5 Qxc2 8.
Qxc2 Bxc2 9. Nc3 e6 10. Bb2 f6 11. Nf3 Bd6 12. Nd4 Bd3 13. Nxe6 Kf7 14. Nd4 c6
15. Rc1 Ne7 16. g4 c5 17. Nf5 Bxf5 18. gxf5 b5 19. d3 Rac8 20. Rf1 Rhe8 21. e4
d4 22. Ne2 Nxf5 23. exf5 Re7 24. Kd2 Rce8 25. Ng3 Rc7 26. Ne4 Bf8 27. Rc2 Kg8
28. Rg1 Kh8 29. Rgc1 c4 30. bxc4 b4 31. Bxd4 Rd7 32. Bc5 Bxc5 33. Nxc5 Rde7 34.
Ne4 Rd8 35. Rb2 Rxe4 36. Rxb4 Rxf4 37. Rcb1 h5 38. Rb8 Rxb8 39. Rxb8+ Kh7 40.
Rb6 Rf2+ 41. Ke3 Rxa2 42. Ke4 Kg8 43. c5 Kf7 44. Rb7+ Ke8 45. Rxg7 a5 46. c6
Kd8 47. Ra7 Rxh2 48. Kd5 Rd2 49. c7+ Kd7 50. d4 Re2 51. Kc5 h4 52. d5 h3 53. d6
h2 54. Ra8 Rc2+ 55. Kb5 Kxd6 56. Rh8 Kxc7 57. Kxa5 Kd6 58. Kb4 Ke5 59. Kb3 Rg2
60. Rh5 Kf4 61. Kc3 Kg4 62. Rh8 Rg3+ 63. Kd2 Rh3 64. Rg8+ Kxf5 65. Rg2 h1=Q 66.
Rf2+ Rf3 67. Re2 Qa1 68. Kc2 Qa2+ 69. Kd1 Rf1+ 70. Re1 Rxe1+ 71. Kxe1 Ke4 72.
Kd1 Kd3 73. Ke1 Qe2# 0-1

[Event "Championnat de France - Open D"]
[Site "Aix-les-Bains"]
[Date "2007.08.19"]
[Round "5.8"]
[White "Leost, Joel"]
[Black "Bouteiller, Eleonore"]
[Result "0-1"]
[WhiteElo "1410"]
[BlackElo "1480"]
[PlyCount "100"]
[EventDate "2007.??.??"]

1. e4 e5 2. Nf3 Nc6 3. Bc4 Bc5 4. Nc3 Nf6 5. d3 h6 6. a3 Nd4 7. Nxe5 O-O 8. h3
d6 9. Nf3 Nxf3+ 10. Qxf3 c6 11. O-O Be6 12. Ne2 b5 13. Bxe6 fxe6 14. Qg3 Kh7
15. Nf4 Qe8 16. Be3 e5 17. Bxc5 exf4 18. Qxf4 dxc5 19. Qf5+ Qg6 20. Qxc5 Nh5
21. Kh2 Rf7 22. Rg1 Raf8 23. Raf1 Ng3 24. f3 Nxf1+ 25. Rxf1 Qf6 26. Qf5+ Qxf5
27. exf5 Rxf5 28. Re1 Rd8 29. Kg3 Rg5+ 30. Kf2 Rc5 31. Re2 a5 32. Ke1 b4 33. a4
b3 34. c3 Rxd3 35. Re6 Rdd5 36. f4 Rf5 37. Re4 Rh5 38. Ke2 g5 39. fxg5 Rhxg5
40. g4 Rge5 41. Ke3 Rxe4+ 42. Kxe4 Rc4+ 43. Ke5 Rxa4 44. Kd6 Ra2 45. Kxc6 Rxb2
46. Kb5 Ra2 47. h4 b2 48. Ka6 b1=Q 49. c4 Qb8 50. c5 Rb2 0-1